| 000 | 00441nam a2200145Ia 4500 | ||
|---|---|---|---|
| 003 | OSt | ||
| 005 | 20260123105233.0 | ||
| 008 | 211028s2016 xx 000 0 und d | ||
| 040 | _cAIMIT LIBRARY | ||
| 041 | _aeng | ||
| 100 |
_aJose, Jerin; Achar, Sumitha. _g1416064 _97486 |
||
| 245 | _aStudy on impact of employee engagement on job satisfaction at al man hal enterprises / | ||
| 260 |
_aMangalore _bSumitha Achar. _c2016 |
||
| 942 |
_2ddc _cPRO |
||
| 999 |
_c219054 _d219054 |
||